| 000 | 01484nam0a2200349 4500 | ||
|---|---|---|---|
| 001 | RU\NLR\BIBL_A\011439498 | ||
| 005 | 20260406150048.0 | ||
| 010 |
_a978-5-17-098295-0 _95000 |
||
| 021 |
_aRU _b2017-46103 _93325 |
||
| 035 | _a(NLR Aleph) 011439498 | ||
| 035 | _a(RuMoRGB)008920055 | ||
| 090 |
_a11693932 _c11693932 |
||
| 100 | _a20170714d2017 |||y0rusy50 ca | ||
| 101 | 0 | _arus | |
| 102 | _aRU | ||
| 105 | _aa|||z|||000gy | ||
| 200 | 1 |
_aБерегите игрушки _e[стихи _eсборник _eдля детей до 3-х лет] _fС. Маршак, С. Михалков... |
|
| 210 |
_aМосква _cМалыш _cАСТ _dcop. 2017 |
||
| 215 |
_a62, [1] с. _cцв. ил. _d17 |
||
| 225 | 1 | _aКнижная полка "Малыша" | |
| 327 | 1 | _aСодерж. авт.: И. Токмакова, В. Берестов, А. Барто, Э. Успенский, С. Михалков, С. Маршак, Д. Бурачевская | |
| 333 | _a0+ | ||
| 686 |
_aШ9(2)6=Р70-5я43 _2rubbk |
||
| 686 | 0 | _aШ9(2)60=Р7-5я43 | |
| 700 | 1 |
_8rus _7ca _aМаршак _bС. Я. _f1887-1964 _gСамуил Яковлевич _3RU\NLR\AUTH\774792 _9114767 |
|
| 701 | 1 |
_8rus _7ca _aМихалков _bС. В. _cписатель _f1913-2009 _gСергей Владимирович _3RU\NLR\AUTH\7792 _9110194 |
|
| 942 | _cBOOK | ||
| 980 | _aNBR | ||
| 980 | _aNB | ||